00595nam a2200145Ia 4500008004100000100001700041245012000058245006100178260005900239650001800298650001500316856002600331999001900357952007300376170221s9999 xx 000 0 und d aChad Edwards aSocial Presence on LinkedIn: Perceived Credibility and Interpersonal Attractiveness Based on User Profile Picture  cChad Edwards, Brett Stoll, Natalie Faculak, Sandi Karman bOnline Journal of Communication and Media Technologies xCommunication xMedia Arts uhttp://www.ojcmt.net/ c312815d312815 001040aCLbCLd2017-02-21l0r2017-02-21 00:00:00w2017-02-21yFOJ